[Event "Lvov Zaveriukha Memorial 1st"]
[Site "Lvov"]
[Date "2011.04.03"]
[Round "7"]
[White "Melnichenko, Alexander"]
[Black "Kovalsky, Vadim"]
[Result "1-0"]
[WhiteElo "2282"]
[BlackElo "1994"]
[PlyCount "109"]
[EventDate "2011.04.01"]
[EventType "swiss"]
[EventRounds "9"]
[EventCountry "UKR"]
[SourceTitle "CBM 141 Extra"]
[Source "ChessBase"]
[SourceDate "2011.05.03"]
[SourceVersion "1"]
[SourceVersionDate "2011.05.03"]
[SourceQuality "1"]

1. d4 d5 2. c4 e6 3. Nc3 Nf6 4. Bg5 Nbd7 5. e3 c6 6. Nf3 Qa5 7. Nd2 Bb4 8. Qc2 0-0 9. Bf4 Ne4 10. Ndxe4 dxe4 11. Be2 f5 12. 0-0 Nf6 13. a3 Be7 14. f3 exf3 15. Bxf3 Qd8 16. Rad1 Qe8 17. e4 Nh5 18. Be5 Bf6 19. Bd6 g5 20. Bxf8 Kxf8 21. e5 Be7 22. Ne4 Kg8 23. Nd6 Qg6 24. g3 g4 25. Bg2 Bg5 26. Rde1 Qh6 27. Qe2 Bd2 28. d5 Bxe1 29. Qxe1 cxd5 30. cxd5 Qg5 31. Qc1 Qd8 32. Qe3 Ng7 33. Rc1 a6 34. Qc5 Bd7 35. Qc7 Ne8 36. Qxd8 Rxd8 37. Nxb7 Rb8 38. Nc5 Bc8 39. b4 exd5 40. Bxd5+ Kf8 41. Nd3 Ke7 42. Rc6 Bb7 43. Re6+ Kf8 44. Bc4 a5 45. Nc5 Bc8 46. Rc6 axb4 47. axb4 Ke7 48. b5 Bd7 49. Nxd7 Kxd7 50. Rh6 Kc7 51. Rxh7+ Kb6 52. Rf7 Rc8 53. Be2 Nc7 54. Rf6+ Kc5 55. Rc6+ 1-0

[Event "Lvov Zaveriukha Memorial 1st"]
[Site "Lvov"]
[Date "2011.04.02"]
[Round "4"]
[White "Melnichenko, Alexander"]
[Black "Kotovskyy, Dmytro"]
[Result "1-0"]
[WhiteElo "2282"]
[BlackElo "2022"]
[PlyCount "91"]
[EventDate "2011.04.01"]
[EventType "swiss"]
[EventRounds "9"]
[EventCountry "UKR"]
[SourceTitle "CBM 141 Extra"]
[Source "ChessBase"]
[SourceDate "2011.05.03"]
[SourceVersion "1"]
[SourceVersionDate "2011.05.03"]
[SourceQuality "1"]

1. d4 d5 2. c4 Nc6 3. cxd5 Qxd5 4. Nf3 Bg4 5. Nc3 Qd7 6. d5 Bxf3 7. gxf3 Ne5 8. Bf4 Ng6 9. Be3 e6 10. Qb3 exd5 11. Qxb7 Rd8 12. 0-0-0 c6 13. Qxa7 Qxa7 14. Bxa7 Bb4 15. Bd4 f6 16. a3 Bd6 17. Na4 N8e7 18. Nc5 Nf5 19. Nb7 Bf4+ 20. Kb1 Rb8 21. Na5 Nge7 22. Bc5 Be5 23. b4 Kf7 24. e3 Rhd8 25. Rc1 Bd6 26. Bd3 g6 27. Rc2 Ng7 28. Ba7 Ra8 29. Nb7 Rd7 30. Nxd6+ Rxd6 31. Bc5 Re6 32. Kb2 Ne8 33. Rhc1 Nd6 34. Kb3 f5 35. f4 Ke8 36. a4 Kd7 37. a5 Ne8 38. a6 Nf6 39. a7 Ne4 40. Bd4 Nc8 41. Ra1 Ned6 42. Ra6 Nb5 43. Bxb5 cxb5 44. Rxe6 Kxe6 45. Rc7 Ne7 46. Bc5 1-0

[Event "Chervonograd IM-A"]
[Site "Chervonograd"]
[Date "2008.11.05"]
[Round "7"]
[White "Inants, Aghasi"]
[Black "Melnichenko, Alexander"]
[Result "0-1"]
[WhiteElo "2201"]
[BlackElo "2231"]
[PlyCount "94"]
[EventDate "2008.11.01"]
[EventType "tourn"]
[EventRounds "15"]
[EventCountry "UKR"]
[EventCategory "3"]
[SourceTitle "EXT 2009"]
[Source "ChessBase"]
[SourceDate "2008.11.26"]
[SourceVersion "1"]
[SourceVersionDate "2008.11.26"]
[SourceQuality "1"]

1. e4 e5 2. Nf3 Nc6 3. Bb5 a6 4. Ba4 Nf6 5. 0-0 Be7 6. Re1 b5 7. Bb3 d6 8. c3 0-0 9. h3 Na5 10. Bc2 c5 11. d4 Qc7 12. b4 cxb4 13. cxb4 Nc4 14. Nbd2 Be6 15. Nxc4 Bxc4 16. Bb2 Nd7 17. a3 Bf6 18. Rc1 Qa7 19. a4 exd4 20. Bxd4 Bxd4 21. Qxd4 Ne5 22. Qxd6 Nxf3+ 23. gxf3 Rfd8 24. Qf4 Qe7 25. axb5 axb5 26. Rb1 Be6 27. e5 Bxh3 28. Red1 g6 29. Rd6 Re8 30. Rd5 Rab8 31. Bd3 Bd7 32. Rc1 Be6 33. Rxb5 Rxb5 34. Bxb5 Rb8 35. Rc5 h5 36. Bc6 h4 37. Rb5 Rc8 38. Rb7 Qd8 39. b5 Qd1+ 40. Kg2 h3+ 41. Kh2 Qf1 42. Qg3 Rd8 43. Qg1 Qe2 44. Qg3 Rd1 45. Qh4 Rh1+ 46. Kg3 Rg1+ 47. Kf4 Qd2+ 0-1

[Event "Chervonograd IM-A"]
[Site "Chervonograd"]
[Date "2008.11.04"]
[Round "5"]
[White "Bargan, Sergei"]
[Black "Melnichenko, Alexander"]
[Result "1/2-1/2"]
[WhiteElo "2375"]
[BlackElo "2231"]
[PlyCount "97"]
[EventDate "2008.11.01"]
[EventType "tourn"]
[EventRounds "15"]
[EventCountry "UKR"]
[EventCategory "3"]
[SourceTitle "EXT 2009"]
[Source "ChessBase"]
[SourceDate "2008.11.26"]
[SourceVersion "1"]
[SourceVersionDate "2008.11.26"]
[SourceQuality "1"]

1. d4 d5 2. c4 c6 3. Nf3 Nf6 4. Nc3 e6 5. Bg5 h6 6. Bh4 dxc4 7. e4 g5 8. Bg3 b5 9. Be2 b4 10. Na4 Nxe4 11. Be5 Nf6 12. 0-0 Nbd7 13. Bxc4 Be7 14. Rc1 Bb7 15. Re1 Kf8 16. Bb3 Rc8 17. Qe2 Rg8 18. Nc5 Bxc5 19. dxc5 Nxe5 20. Nxe5 Rc7 21. Qf3 Kg7 22. Qg3 Nd5 23. Ng4 Re7 24. h4 f6 25. Rcd1 Qa5 26. Rc1 Ba6 27. Qd6 Rd8 28. Qh2 Qc7 29. Qxc7 Nxc7 30. hxg5 hxg5 31. Rcd1 Red7 32. Rxd7+ Rxd7 33. Re4 Rd2 34. Rxb4 Rxb2 35. Ra4 Kg6 36. Kh2 Be2 37. Ne3 a6 38. Re4 f5 39. Rd4 Nd5 40. Nxd5 exd5 41. Rb4 Bb5 42. Rd4 Rxf2 43. a4 Bf1 44. Kg1 Rb2 45. Bxd5 cxd5 46. Kxf1 Ra2 47. Kg1 Kf6 48. Rxd5 Rxa4 49. Kf2 1/2-1/2

[Event "Chervonograd IM-A"]
[Site "Chervonograd"]
[Date "2008.11.04"]
[Round "6"]
[White "Melnichenko, Alexander"]
[Black "Konenkin, Dmitry"]
[Result "1-0"]
[WhiteElo "2231"]
[BlackElo "2296"]
[PlyCount "71"]
[EventDate "2008.11.01"]
[EventType "tourn"]
[EventRounds "15"]
[EventCountry "UKR"]
[EventCategory "3"]
[SourceTitle "EXT 2009"]
[Source "ChessBase"]
[SourceDate "2008.11.26"]
[SourceVersion "1"]
[SourceVersionDate "2008.11.26"]
[SourceQuality "1"]

1. d4 d6 2. Nf3 f5 3. g3 Nf6 4. Bg2 g6 5. 0-0 Bg7 6. c4 0-0 7. Nc3 Qe8 8. d5 Na6 9. Rb1 Bd7 10. b4 Rc8 11. Be3 Ng4 12. Bd4 Ne5 13. Nxe5 dxe5 14. Bxa7 b6 15. c5 e4 16. Qb3 Qf7 17. Na4 Ra8 18. cxb6 cxb6 19. Bxb6 Rfb8 20. b5 Nc7 21. Bxc7 Rxb5 22. Qc4 Rxb1 23. Rxb1 Rxa4 24. Rb8+ Bf8 25. Qc5 Rxa2 26. Be5 Ra6 27. Bf1 f4 28. d6 e6 29. Bxf4 Rc6 30. Qe5 Bc8 31. Qxe4 Qd7 32. Bg2 Rxd6 33. Bxd6 Bxd6 34. Ra8 Kf7 35. Qc6 Ke7 36. Qxc8 1-0

[Event "Chervonograd IM-A"]
[Site "Chervonograd"]
[Date "2008.11.03"]
[Round "4"]
[White "Melnichenko, Alexander"]
[Black "Polyakov, Maxim"]
[Result "1-0"]
[WhiteElo "2231"]
[BlackElo "2296"]
[PlyCount "123"]
[EventDate "2008.11.01"]
[EventType "tourn"]
[EventRounds "15"]
[EventCountry "UKR"]
[EventCategory "3"]
[SourceTitle "EXT 2009"]
[Source "ChessBase"]
[SourceDate "2008.11.26"]
[SourceVersion "1"]
[SourceVersionDate "2008.11.26"]
[SourceQuality "1"]

1. d4 d5 2. c4 c6 3. Nc3 e6 4. e3 Bd6 5. Nf3 f5 6. Ne5 Nf6 7. f4 0-0 8. Be2 b6 9. 0-0 Bb7 10. b3 a5 11. Bb2 Na6 12. Rc1 Rc8 13. Bf3 Ne4 14. Qe2 Nb8 15. Rfd1 Ba6 16. Qc2 Qe7 17. Nxe4 fxe4 18. Bg4 b5 19. c5 Bxe5 20. fxe5 b4 21. Qd2 h5 22. Be2 Rf5 23. Rf1 Bxe2 24. Qxe2 Rcf8 25. Rxf5 Rxf5 26. Ra1 Qb7 27. Bc1 Qb5 28. Qxb5 cxb5 29. Bd2 Nc6 30. Rf1 Rxf1+ 31. Kxf1 Kf7 32. Kf2 a4 33. Kg3 axb3 34. axb3 Na5 35. Bxb4 Nxb3 36. Kh4 Nc1 37. Kxh5 Nd3 38. Ba5 b4 39. h4 b3 40. Bc3 Nf4+ 41. exf4 e3 42. c6 Ke7 43. f5 e2 44. f6+ gxf6 45. exf6+ Kf7 46. c7 b2 47. c8Q b1Q 48. Qc7+ Kxf6 49. Qe5+ Kf7 50. Kg4 Qd3 51. Qf4+ Ke8 52. Be1 Qb1 53. Qd2 Qe4+ 54. Kg3 Kd7 55. Qf4 Qd3+ 56. Kf2 Kc6 57. Qe5 Kd7 58. h5 Qh7 59. Kxe2 Qc2+ 60. Bd2 Qc4+ 61. Ke1 Qc2 62. h6 1-0

[Event "Yuzhny op"]
[Site "Yuzhny"]
[Date "2008.09.25"]
[Round "9"]
[White "Melnichenko, Alexander"]
[Black "Bogdanovich, Stanislav"]
[Result "0-1"]
[WhiteElo "2245"]
[BlackElo "2299"]
[PlyCount "88"]
[EventDate "2008.09.20"]
[EventType "swiss"]
[EventRounds "9"]
[EventCountry "UKR"]
[SourceTitle "CBM 126 Extra"]
[Source "ChessBase"]
[SourceDate "2008.11.05"]
[SourceVersion "1"]
[SourceVersionDate "2008.11.05"]
[SourceQuality "1"]

1. c4 e5 2. Nc3 d6 3. Nf3 f5 4. d4 e4 5. Ng5 Be7 6. Nh3 Nf6 7. e3 0-0 8. Nf4 c6 9. Be2 Na6 10. d5 Nc7 11. b3 Bd7 12. Ba3 Be8 13. Qd2 Bf7 14. dxc6 bxc6 15. 0-0 Qd7 16. Rfd1 Rad8 17. Rac1 g5 18. Nh3 h6 19. Kh1 Ne6 20. Rc2 Bg6 21. Qc1 Ne8 22. Rcd2 Kh7 23. Na4 Qc8 24. Qc3 f4 25. exf4 gxf4 26. Bb2 Bf5 27. Ng1 Qc7 28. Bf1 Nf6 29. f3 Bg6 30. Re2 e3 31. g3 d5 32. cxd5 Nxd5 33. Qe5 Bd6 34. Qxe6 Bf5 35. Qxf5+ Rxf5 36. gxf4 Rxf4 37. Nc3 Be5 38. Ne4 Bxb2 39. Rxb2 Nf6 40. Nxf6+ Rxf6 41. Rxd8 Qxd8 42. Rg2 Rg6 43. a4 Rxg2 44. Kxg2 Qg8+ 0-1

[Event "Yuzhny op"]
[Site "Yuzhny"]
[Date "2008.09.24"]
[Round "8"]
[White "Kurayan, Ruslan"]
[Black "Melnichenko, Alexander"]
[Result "1/2-1/2"]
[WhiteElo "2155"]
[BlackElo "2245"]
[PlyCount "40"]
[EventDate "2008.09.20"]
[EventType "swiss"]
[EventRounds "9"]
[EventCountry "UKR"]
[SourceTitle "CBM 126 Extra"]
[Source "ChessBase"]
[SourceDate "2008.11.05"]
[SourceVersion "1"]
[SourceVersionDate "2008.11.05"]
[SourceQuality "1"]

1. c4 Nf6 2. Nc3 e6 3. e4 c5 4. Nf3 Nc6 5. Be2 d5 6. exd5 exd5 7. cxd5 Nxd5 8. d4 cxd4 9. Nxd4 Nxc3 10. bxc3 Nxd4 11. Qxd4 Qxd4 12. cxd4 Bb4+ 13. Bd2 Bxd2+ 14. Kxd2 Be6 15. Rhc1 Rd8 16. Bb5+ Ke7 17. Rc7+ Kf6 18. Ke3 a6 19. Bd3 Rhe8 20. Be4 Rd7 1/2-1/2

[Event "Yuzhny op"]
[Site "Yuzhny"]
[Date "2008.09.24"]
[Round "7"]
[White "Melnichenko, Alexander"]
[Black "Klepikov, Valentin"]
[Result "1-0"]
[WhiteElo "2245"]
[BlackElo "1940"]
[PlyCount "87"]
[EventDate "2008.09.20"]
[EventType "swiss"]
[EventRounds "9"]
[EventCountry "UKR"]
[SourceTitle "CBM 126 Extra"]
[Source "ChessBase"]
[SourceDate "2008.11.05"]
[SourceVersion "1"]
[SourceVersionDate "2008.11.05"]
[SourceQuality "1"]

1. d4 d5 2. c4 c6 3. Nf3 Nf6 4. Nc3 a6 5. cxd5 cxd5 6. Bf4 Nh5 7. Bd2 Nf6 8. Ne5 e6 9. e3 Bd6 10. f4 0-0 11. Bd3 b5 12. 0-0 Bb7 13. Rf3 Re8 14. Rh3 g6 15. Qe1 Bf8 16. g4 Ne4 17. g5 Nd7 18. Ng4 f5 19. gxf6 Ndxf6 20. Bxe4 dxe4 21. Ne5 Bg7 22. Ne2 Rc8 23. Ba5 Qe7 24. Bb4 Qd8 25. Bc5 Nd7 26. b4 Bd5 27. Rg3 Nxe5 28. fxe5 Bh6 29. Nc3 Bb7 30. Qe2 Qh4 31. Rf1 Rc7 32. Qg2 Rg7 33. a3 Bc6 34. Kh1 Ba8 35. Rf6 Qh5 36. Qa2 Rf7 37. Rxe6 Rc8 38. Rf6 Rcc7 39. Rxf7 Rxf7 40. e6 Rf3 41. e7+ Kg7 42. e8Q Bd5 43. Qe7+ Rf7 44. Qxd5 1-0

[Event "Yuzhny op"]
[Site "Yuzhny"]
[Date "2008.09.23"]
[Round "5"]
[White "Melnichenko, Alexander"]
[Black "Chudinovskih, Alexander N"]
[Result "0-1"]
[WhiteElo "2245"]
[BlackElo "2371"]
[PlyCount "46"]
[EventDate "2008.09.20"]
[EventType "swiss"]
[EventRounds "9"]
[EventCountry "UKR"]
[SourceTitle "CBM 126 Extra"]
[Source "ChessBase"]
[SourceDate "2008.11.05"]
[SourceVersion "1"]
[SourceVersionDate "2008.11.05"]
[SourceQuality "1"]

1. e4 e5 2. Nf3 Nc6 3. Bc4 Nf6 4. Ng5 d5 5. exd5 Na5 6. Bb5+ c6 7. dxc6 bxc6 8. Be2 h6 9. Nf3 e4 10. Ne5 Bc5 11. 0-0 0-0 12. Kh1 Re8 13. f4 Bf5 14. c3 Bb6 15. b4 Nb7 16. Nxc6 Qc7 17. Ne5 Rad8 18. Qe1 Rxe5 19. fxe5 Qxe5 20. Qg3 Qxg3 21. hxg3 Bg4 22. Bxg4 Nxg4 23. a4 Rd5 0-1

[Event "Tiraspol Lutikov Memorial"]
[Site "Tiraspol"]
[Date "2008.04.06"]
[Round "9"]
[White "Melnichenko, Alexander"]
[Black "Turta, Vladimir"]
[Result "1-0"]
[WhiteElo "2245"]
[BlackElo "2228"]
[PlyCount "159"]
[EventDate "2008.03.31"]
[EventType "tourn"]
[EventRounds "9"]
[EventCountry "MDA"]
[EventCategory "2"]
[SourceTitle "EXT 2009"]
[Source "ChessBase"]
[SourceDate "2008.11.26"]
[SourceVersion "1"]
[SourceVersionDate "2008.11.26"]
[SourceQuality "1"]

1. d4 Nf6 2. c4 e5 3. dxe5 Ng4 4. Bf4 Nc6 5. Nf3 Bb4+ 6. Nbd2 Qe7 7. a3 Ngxe5 8. Nxe5 Bxd2+ 9. Qxd2 Nxe5 10. e3 d6 11. Be2 0-0 12. 0-0 Bd7 13. c5 Bc6 14. cxd6 cxd6 15. Rfd1 Rfd8 16. Qb4 Qe6 17. Rd2 Rd7 18. Bg3 Rad8 19. Rc1 a6 20. Qd4 f6 21. h3 Nf7 22. Bf4 Re7 23. Bc4 d5 24. Be2 Ne5 25. b3 Qf5 26. Qb6 Rf8 27. Rd4 h5 28. Bg3 g6 29. a4 Rh7 30. Qc5 Qe6 31. Qc2 g5 32. Rcd1 f5 33. Bxe5 Qxe5 34. Bf3 g4 35. Bxd5+ Kh8 36. Bxc6 bxc6 37. Rd8 Rhf7 38. Qxc6 Kg7 39. Qd6 Qxd6 40. R1xd6 Rxd8 41. Rxd8 Rf6 42. Rd5 Kg6 43. h4 Rc6 44. Ra5 g3 45. fxg3 Rb6 46. Kf2 Rxb3 47. Rxa6+ Kg7 48. Ra5 Kf6 49. e4 fxe4 50. Rxh5 Rb2+ 51. Ke3 Rxg2 52. Rg5 Ra2 53. a5 Ra4 54. Kf4 Kf7 55. g4 Kf6 56. Rf5+ Ke6 57. Re5+ Kf6 58. g5+ Kg6 59. Rxe4 Rxa5 60. Kg4 Ra6 61. Rb4 Rc6 62. h5+ Kg7 63. Rb7+ Kg8 64. h6 Rc4+ 65. Kh5 Rc5 66. Rg7+ Kh8 67. Re7 Kg8 68. Kg6 Rc6+ 69. Kf5 Rc1 70. g6 Rf1+ 71. Ke6 Re1+ 72. Kd6 Rd1+ 73. Kc5 Rc1+ 74. Kd4 Rd1+ 75. Kc3 Rd8 76. Kc4 Kh8 77. Kc5 Kg8 78. Kc6 Ra8 79. Kb7 Rd8 80. Rc7 1-0

[Event "Tiraspol Lutikov Memorial"]
[Site "Tiraspol"]
[Date "2008.04.01"]
[Round "3"]
[White "Podgursky, Sten"]
[Black "Melnichenko, Alexander"]
[Result "1-0"]
[WhiteElo "2217"]
[BlackElo "2245"]
[PlyCount "63"]
[EventDate "2008.03.31"]
[EventType "tourn"]
[EventRounds "9"]
[EventCountry "MDA"]
[EventCategory "2"]
[SourceTitle "EXT 2009"]
[Source "ChessBase"]
[SourceDate "2008.11.26"]
[SourceVersion "1"]
[SourceVersionDate "2008.11.26"]
[SourceQuality "1"]

1. e4 e5 2. Bc4 Nc6 3. Nf3 Bc5 4. c3 Nf6 5. d3 d6 6. 0-0 0-0 7. a4 a6 8. Nbd2 Qe7 9. Ba2 Be6 10. b4 Ba7 11. Nc4 Rad8 12. b5 Nb8 13. Be3 Bxe3 14. fxe3 Bxc4 15. Bxc4 a5 16. Qe1 Nbd7 17. Nh4 g6 18. Ra2 Nc5 19. Qg3 Kh8 20. Qh3 d5 21. exd5 Nxd5 22. Raf2 Qe6 23. Qg3 e4 24. Bxd5 Qxd5 25. d4 Nd3 26. Rf6 Rd6 27. c4 Qxc4 28. Rxd6 cxd6 29. Qxd6 Kg8 30. Qe7 Qd5 31. Nf5 h5 32. Qf6 1-0

[Event "Chebanenco Memorial"]
[Site "Kishinev"]
[Date "2007.03.18"]
[Round "11"]
[White "Melnichenko, Alexander"]
[Black "Romcovici, Victor"]
[Result "1/2-1/2"]
[WhiteElo "2219"]
[BlackElo "2288"]
[PlyCount "28"]
[EventDate "2007.03.10"]
[EventType "tourn"]
[EventRounds "13"]
[EventCountry "MDA"]
[SourceTitle "EXT 2010"]
[Source "ChessBase"]
[SourceDate "2010.11.25"]
[SourceVersion "1"]
[SourceVersionDate "2010.11.25"]
[SourceQuality "1"]

1. d4 f5 2. g3 Nf6 3. Bg2 d5 4. Nf3 e6 5. 0-0 Bd6 6. c4 c6 7. b3 Qe7 8. Bb2 0-0 9. Nbd2 b6 10. Rc1 Bb7 11. Ne5 a5 12. Ndf3 Na6 13. e3 Rac8 14. Qe2 Ne4 1/2-1/2

[Event "Chebanenco Memorial"]
[Site "Kishinev"]
[Date "2007.03.15"]
[Round "7"]
[White "Agafii, Victor"]
[Black "Melnichenko, Alexander"]
[Result "1-0"]
[WhiteElo "2346"]
[BlackElo "2219"]
[PlyCount "65"]
[EventDate "2007.03.10"]
[EventType "tourn"]
[EventRounds "13"]
[EventCountry "MDA"]
[SourceTitle "EXT 2010"]
[Source "ChessBase"]
[SourceDate "2010.11.25"]
[SourceVersion "1"]
[SourceVersionDate "2010.11.25"]
[SourceQuality "1"]

1. d4 Nf6 2. c4 e6 3. Nc3 d5 4. cxd5 exd5 5. Bg5 c6 6. Qc2 h6 7. Bh4 Be7 8. e3 0-0 9. Bd3 Re8 10. Nge2 Na6 11. a3 c5 12. Bxa6 bxa6 13. Bxf6 Bxf6 14. dxc5 d4 15. Rd1 d3 16. Rxd3 Qa5 17. b4 Qxa3 18. Nd5 Qa1+ 19. Rd1 Qe5 20. Nxf6+ Qxf6 21. 0-0 Rb8 22. Rd4 a5 23. bxa5 Bb7 24. Rd6 Qg5 25. Nf4 Be4 26. Qc4 Qe5 27. Rfd1 Rec8 28. Rd7 Qe8 29. h3 Kf8 30. Rxa7 Rb1 31. Rxb1 Bxb1 32. Qd4 Be4 33. Nh5 1-0

[Event "Chebanenco Memorial"]
[Site "Kishinev"]
[Date "2007.03.14"]
[Round "6"]
[White "Melnichenko, Alexander"]
[Black "Itkis, Boris"]
[Result "1/2-1/2"]
[WhiteElo "2219"]
[BlackElo "2424"]
[PlyCount "26"]
[EventDate "2007.03.10"]
[EventType "tourn"]
[EventRounds "13"]
[EventCountry "MDA"]
[SourceTitle "EXT 2010"]
[Source "ChessBase"]
[SourceDate "2010.11.25"]
[SourceVersion "1"]
[SourceVersionDate "2010.11.25"]
[SourceQuality "1"]

1. d4 Nf6 2. c4 e6 3. Nc3 d5 4. Bg5 Nbd7 5. e3 Be7 6. Rc1 h6 7. Bh4 0-0 8. cxd5 exd5 9. Nf3 c6 10. Bd3 Ne4 11. Bxe7 Qxe7 12. 0-0 Re8 13. Re1 Nf8 1/2-1/2

[Event "Rodatychi op"]
[Site "Rodatychi"]
[Date "2006.08.29"]
[Round "5"]
[White "Peskov, Alexsey"]
[Black "Melnichenko, Alexander"]
[Result "1-0"]
[WhiteElo "2400"]
[BlackElo "2255"]
[PlyCount "99"]
[EventDate "2006.08.27"]
[EventType "swiss"]
[EventRounds "9"]
[EventCountry "UKR"]
[SourceTitle "EXT 2008"]
[Source "ChessBase"]
[SourceDate "2007.11.25"]
[SourceVersion "1"]
[SourceVersionDate "2007.11.25"]
[SourceQuality "1"]

1. d4 Nf6 2. c4 e6 3. Nc3 d5 4. Bg5 Nbd7 5. cxd5 exd5 6. e3 c6 7. Bd3 Be7 8. Qc2 h6 9. Bh4 Nh5 10. Bxe7 Qxe7 11. Nge2 Ndf6 12. h3 g6 13. 0-0-0 Ng7 14. g4 Be6 15. Kb1 0-0-0 16. Na4 h5 17. g5 Nd7 18. h4 Bf5 19. Ng3 Bxd3 20. Rxd3 Nb6 21. Nxb6+ axb6 22. Rc1 Kc7 23. Qb3 Rd7 24. Qa4 Qd8 25. Rdc3 Qa8 26. Qb5 Re8 27. Ra3 Qb8 28. e4 dxe4 29. d5 Re5 30. Rxc6+ bxc6 31. Qxc6+ Kd8 32. Ra8 Qxa8 33. Qxa8+ Ke7 34. Qh8 Rexd5 35. Qxg7 Rd1+ 36. Kc2 R1d2+ 37. Kc3 Rxf2 38. Qe5+ Kd8 39. Qb8+ Ke7 40. Qe5+ Kd8 41. Qb8+ Ke7 42. Nxe4 Re2 43. Qe5+ Kd8 44. a3 Re3+ 45. Kc2 Rc7+ 46. Kb1 Rd3 47. Nd6 Rd1+ 48. Ka2 Rd7 49. Qe8+ Kc7 50. Nxf7 1-0